[Event "Mittelrhein Verbandsliga-W 17/18"]
[Site "Nordrheinwestfalen"]
[Date "2017.12.03"]
[Round "5.5"]
[White "Tonev, Vasil"]
[Black "Krug, Reinhard"]
[Result "0-1"]
[WhiteElo "1733"]
[BlackElo "1909"]
[PlyCount "70"]
[EventDate "2017.09.10"]
[EventType "team-tourn"]
[EventRounds "11"]
[EventCountry "GER"]
[SourceTitle "EXT 2022"]
[Source "ChessBase"]
[SourceDate "2021.10.06"]
[SourceVersion "1"]
[SourceVersionDate "2021.10.06"]
[SourceQuality "1"]
[WhiteTeam "Horrem"]
[BlackTeam "Alsdorf SVG"]
[WhiteTeamCountry "GER"]
[BlackTeamCountry "GER"]

1. e4 Nf6 2. e5 Nd5 3. Nf3 d6 4. d4 Bg4 5. Bc4 e6 6. Qd3 Nb6 7. Bb3 Nc6 8. 0-0 dxe5 9. Nxe5 Nxe5 10. Qe4 Nc6 11. Qxg4 Qxd4 12. Qf3 Bd6 13. c3 Qh4 14. g3 Qh3 15. Bf4 Qf5 16. Nd2 Bxf4 17. gxf4 0-0 18. Rad1 Rad8 19. Qg3 Nd5 20. Bxd5 Rxd5 21. Nc4 Rxd1 22. Rxd1 Rd8 23. Rxd8+ Nxd8 24. Ne5 f6 25. Ng4 Kf7 26. Ne3 Qb1+ 27. Kg2 Qxb2 28. f5 Qxc3 29. Qg4 Qc6+ 30. Kg1 exf5 31. Nxf5 Qc1+ 32. Kg2 Qg5 33. h3 Qxg4+ 34. hxg4 g6 35. Nd4 a6 0-1

[Event "Mittelrhein Verbandsliga-W 16/17"]
[Site "Nordrheinwestfalen"]
[Date "2016.12.18"]
[Round "5.6"]
[White "Tonev, Vasil"]
[Black "Krueckeberg, Bernd"]
[Result "0-1"]
[WhiteElo "1717"]
[BlackElo "1797"]
[PlyCount "94"]
[EventDate "2016.09.11"]
[EventType "team-tourn"]
[EventRounds "11"]
[EventCountry "GER"]
[SourceTitle "EXT 2022"]
[Source "ChessBase"]
[SourceDate "2021.10.06"]
[SourceVersion "1"]
[SourceVersionDate "2021.10.06"]
[SourceQuality "1"]
[WhiteTeam "Horrem"]
[BlackTeam "Bergheim"]
[WhiteTeamCountry "GER"]
[BlackTeamCountry "GER"]

1. e4 c6 2. d4 d5 3. exd5 cxd5 4. c4 Nf6 5. Nc3 Nc6 6. Nf3 Bg4 7. Be3 e6 8. a3 dxc4 9. Bxc4 Be7 10. h3 Bh5 11. g4 Bg6 12. Bb5 0-0 13. Bxc6 bxc6 14. Ne5 Qc7 15. Rc1 c5 16. Na4 Qb7 17. 0-0 cxd4 18. Nxg6 hxg6 19. Qxd4 Rfd8 20. Nc5 Qf3 21. Qf4 Qxh3 22. Qg3 Qxg3+ 23. fxg3 Nxg4 24. Bf2 Rd2 25. b4 Nxf2 26. Rxf2 Bxc5 27. Rxc5 Rd3 28. Rc7 f6 29. Kg2 Rxa3 30. Rd2 Kh7 31. Rdd7 Rg8 32. Rd6 Rb8 33. Rxe6 Rxb4 34. Rxf6 Rbb3 35. Rff7 Rxg3+ 36. Kf2 Rgc3 37. Rxg7+ Kh6 38. Rh7+ Kg5 39. Rxa7 Rc2+ 40. Ke1 Rxa7 41. Rxa7 Kg4 42. Ra3 g5 43. Kf1 Kh4 44. Rf3 g4 45. Rf2 Rxf2+ 46. Kxf2 Kh3 47. Kg1 Kg3 0-1

[Event "Mittelrhein Verbandsliga-W 15/16"]
[Site "Nordrheinwestfalen"]
[Date "2016.01.10"]
[Round "6.7"]
[White "Schmitt, Lars"]
[Black "Tonev, Vasil"]
[Result "1-0"]
[WhiteElo "1712"]
[BlackElo "1702"]
[PlyCount "81"]
[EventDate "2015.09.06"]
[EventType "team-tourn"]
[EventRounds "11"]
[EventCountry "GER"]
[SourceTitle "EXT 2022"]
[Source "ChessBase"]
[SourceDate "2021.10.06"]
[SourceVersion "1"]
[SourceVersionDate "2021.10.06"]
[SourceQuality "1"]
[WhiteTeam "Herzogenrath"]
[BlackTeam "Horrem"]
[WhiteTeamCountry "GER"]
[BlackTeamCountry "GER"]

1. d4 d5 2. c4 e6 3. Nc3 Nf6 4. cxd5 exd5 5. Bg5 Be7 6. e3 0-0 7. Bd3 c6 8. Qc2 h6 9. Bh4 b6 10. Nf3 Bb7 11. 0-0 Nbd7 12. Rae1 c5 13. Ne5 Nxe5 14. dxe5 Nd7 15. Bxe7 Qxe7 16. f4 a6 17. Bf5 b5 18. e4 Nb6 19. exd5 Nxd5 20. Nxd5 Bxd5 21. Rd1 Rfd8 22. Rd2 Be6 23. Bxe6 Qxe6 24. b3 Rd4 25. Rxd4 cxd4 26. Qe4 Rd8 27. Rd1 Qd5 28. Qxd5 Rxd5 29. Kf2 f6 30. exf6 gxf6 31. g4 Kf7 32. Kf3 f5 33. gxf5 Kf6 34. Ke4 Rxf5 35. Rxd4 Rh5 36. Rd6+ Ke7 37. Rd2 Ke6 38. Rc2 a5 39. Kf3 Rd5 40. Rc6+ Kf5 41. Rxh6 1-0

[Event "Mittelrhein Verbandsliga-W 15/16"]
[Site "Nordrheinwestfalen"]
[Date "2015.10.18"]
[Round "3.8"]
[White "Bausch, Bernd"]
[Black "Tonev, Vasil"]
[Result "1-0"]
[WhiteElo "1789"]
[BlackElo "1702"]
[PlyCount "83"]
[EventDate "2015.09.06"]
[EventType "team-tourn"]
[EventRounds "11"]
[EventCountry "GER"]
[SourceTitle "EXT 2022"]
[Source "ChessBase"]
[SourceDate "2021.10.06"]
[SourceVersion "1"]
[SourceVersionDate "2021.10.06"]
[SourceQuality "1"]
[WhiteTeam "Lendersdorf"]
[BlackTeam "Horrem"]
[WhiteTeamCountry "GER"]
[BlackTeamCountry "GER"]

1. e4 c5 2. Nf3 Nc6 3. d4 cxd4 4. Nxd4 e6 5. Nc3 a6 6. Be2 Qc7 7. 0-0 Nf6 8. Be3 Be7 9. f4 d6 10. Qd2 Bd7 11. Bf3 0-0 12. a4 Rac8 13. Nxc6 Bxc6 14. a5 Nd7 15. Qf2 f5 16. exf5 Bxf3 17. fxe6 Nc5 18. Qxf3 Qc6 19. Nd5 Rce8 20. Nxe7+ Rxe7 21. Qxc6 bxc6 22. Bxc5 dxc5 23. f5 Rd8 24. Rad1 Rd5 25. c4 Rd4 26. Rxd4 cxd4 27. Rd1 c5 28. Rd3 g6 29. Rf3 Rb7 30. f6 Kf8 31. b3 Rc7 32. h4 Rc6 33. e7+ Kf7 34. Kf2 Re6 35. g4 h6 36. g5 h5 37. Rd3 Re4 38. b4 cxb4 39. Rb3 Rf4+ 40. Ke2 Re4+ 41. Kd2 Rxh4 42. Rxb4 1-0